Econospingnning : how to read between the lines when the media manipulate the numbers
ene Epstein knows a thing or two about economic data. Before becoming the Economics Editor for Barron's in 1993, he was a senior economist at the New York Stock Exchange. Now in Econospinning, Epstein supplies readers with a book that attempts to cut through the veil of economic misinformation...
সংরক্ষণ করুন:
| প্রধান লেখক: | |
|---|---|
| বিন্যাস: | গ্রন্থ |
| ভাষা: | Undetermined |
| প্রকাশিত: |
Hoboken, N.J.
John Wiley & Son
2006
|
| বিষয়গুলি: | |
| ট্যাগগুলো: |
ট্যাগ যুক্ত করুন
কোনো ট্যাগ নেই, প্রথমজন হিসাবে ট্যাগ করুন!
|
| Thư viện lưu trữ: | Trung tâm Học liệu Trường Đại học Cần Thơ |
|---|
| LEADER | 01191nam a2200241Ia 4500 | ||
|---|---|---|---|
| 001 | CTU_162294 | ||
| 008 | 210402s9999 xx 000 0 und d | ||
| 020 | |c 166.08 | ||
| 082 | |a 070.449330973 | ||
| 082 | |b E63 | ||
| 100 | |a Epstein, Gene | ||
| 245 | 0 | |a Econospingnning : | |
| 245 | 0 | |b how to read between the lines when the media manipulate the numbers | |
| 245 | 0 | |c Gene Epstein | |
| 260 | |a Hoboken, N.J. | ||
| 260 | |b John Wiley & Son | ||
| 260 | |c 2006 | ||
| 520 | |a ene Epstein knows a thing or two about economic data. Before becoming the Economics Editor for Barron's in 1993, he was a senior economist at the New York Stock Exchange. Now in Econospinning, Epstein supplies readers with a book that attempts to cut through the veil of economic misinformation commonly reported in today's media. | ||
| 650 | |a Mass media, Journalism,United States,Thông tin đại chúng,Báo chí,Hoa Kỳ | ||
| 650 | |x Objectivity,Objectivity,Economic policy,Press coverage,Khách quan,Khách quan,Chính sách kinh tế,Họp báo | ||
| 650 | |z United States,United States,Hoa Kỳ,Hoa Kỳ | ||
| 904 | |i Thu,QHieu | ||
| 980 | |a Trung tâm Học liệu Trường Đại học Cần Thơ | ||